Producción ovina
Guardat en:
| Autors principals: | , , , , , |
|---|---|
| Altres autors: | , |
| Format: | Llibre |
| Idioma: | espanyol |
| Publicat: |
Santiago
Fundación para la Innovación
2007
Santiago Universidad Austral de Chile 2007 |
| Col·lecció: | Manuales FIA de Apoyo a la Formación de Recursos Humanos para la Innovación Agraria para Pequeños-as Productores-as de la Agricultura Familiar Campesina
|
| Matèries: | |
| Etiquetes: |
Afegir etiqueta
Sense etiquetes, Sigues el primer a etiquetar aquest registre!
|
MARC
| LEADER | 00000nam a2200000 a 4500 | ||
|---|---|---|---|
| 001 | UCI7822 | ||
| 003 | CL-VaPUC | ||
| 008 | 080725e20070000cl |||||||||||||||||spa|d | ||
| 020 | |a 9789567874712 | ||
| 082 | 0 | 4 | |a 636.31 |b HER |2 21 |
| 100 | 0 | |a Hervé Allamand, Marcelo |e author |9 531134 | |
| 700 | 0 | |a Balocchi Leonelli, Oscar Andrés |e author |9 531135 | |
| 700 | |a Pulido Fuenzalida, Rubén Guillermo |e autor |9 785358 | ||
| 700 | 0 | |a Tadich, Néstor |e author |9 531137 | |
| 700 | |a Gallo Steigmaier, Carmen Beatriz |e autora |9 531138 | ||
| 700 | 0 | |a Amtmann, Marcela |e author |9 531139 | |
| 700 | 0 | |a Vega, José A. de la |e author |9 531140 | |
| 700 | 0 | |a Ihl Bawlitz, Roberto |e author |9 531141 | |
| 245 | 1 | 0 | |a Producción ovina |
| 300 | |a 62 p | ||
| 942 | |c BK | ||
| 945 | |d 20080725 00:00:00 |a jtorresc | ||
| 260 | |a Santiago |b Fundación para la Innovación |c 2007 | ||
| 260 | |a Santiago |b Universidad Austral de Chile |c 2007 | ||
| 500 | |a Contiene un Cd-rom y un DVD | ||
| 650 | 7 | |a INDUSTRIA OVINA |2 CL-VaPUC |9 403436 | |
| 650 | 7 | |a PRODUCCION OVINA |2 CL-VaPUC |9 403439 | |
| 650 | 0 | |a Reproducción animal |9 370556 | |
| 650 | 7 | |a CARNE OVINA |2 CL-VaPUC |9 403442 | |
| 650 | 0 | |a Comercialización |9 259326 | |
| 583 | |a last modification |c 20190725 04:27:45 |k Rodrigo Vera | ||
| 490 | 0 | |a Manuales FIA de Apoyo a la Formación de Recursos Humanos para la Innovación Agraria para Pequeños-as Productores-as de la Agricultura Familiar Campesina | |
| 999 | |c 330963 |d 330961 | ||
| 952 | |0 0 |1 0 |4 0 |6 636_310000000000000_HER_2007_2007 |7 0 |8 A |9 416969 |a BIBAGR |b BIBAGR |d 2019-11-22 |i 4460103 |o 636.31 HER 2007 2007 |p 4460103 |r 2025-01-20 |w 2019-11-22 |y BK |k AGR | ||